<?xml version="1.0" encoding="UTF-8"?>
<record
    xmlns:xsi="http://www.w3.org/2001/XMLSchema-instance"
    xsi:schemaLocation="http://www.loc.gov/MARC21/slim http://www.loc.gov/standards/marcxml/schema/MARC21slim.xsd"
    xmlns="http://www.loc.gov/MARC21/slim">

  <leader>01058nam0a22002771  4500</leader>
  <controlfield tag="001">rc\281404</controlfield>
  <controlfield tag="005">20250621015018.0</controlfield>
  <datafield tag="010" ind1=" " ind2=" ">
    <subfield code="a">5-09-001467-1</subfield>
    <subfield code="9">194000</subfield>
  </datafield>
  <datafield tag="035" ind1=" " ind2=" ">
    <subfield code="a">(NLR Aleph) 005508549</subfield>
  </datafield>
  <datafield tag="090" ind1=" " ind2=" ">
    <subfield code="a">5381539</subfield>
    <subfield code="c">5381539</subfield>
  </datafield>
  <datafield tag="100" ind1=" " ind2=" ">
    <subfield code="a">20030307d1990    |||y0rusy50      ca</subfield>
  </datafield>
  <datafield tag="101" ind1="0" ind2=" ">
    <subfield code="a">rus</subfield>
  </datafield>
  <datafield tag="102" ind1=" " ind2=" ">
    <subfield code="a">RU</subfield>
  </datafield>
  <datafield tag="105" ind1=" " ind2=" ">
    <subfield code="a">a   |||||||||</subfield>
  </datafield>
  <datafield tag="200" ind1="1" ind2=" ">
    <subfield code="a">&#x41E;&#x445;&#x440;&#x430;&#x43D;&#x430; &#x43F;&#x440;&#x438;&#x440;&#x43E;&#x434;&#x44B;</subfield>
    <subfield code="e">&#x424;&#x430;&#x43A;&#x443;&#x43B;&#x44C;&#x442;&#x430;&#x442;&#x438;&#x432;. &#x43A;&#x443;&#x440;&#x441;</subfield>
    <subfield code="e">&#x41F;&#x43E;&#x441;&#x43E;&#x431;&#x438;&#x435; &#x434;&#x43B;&#x44F; &#x443;&#x447;&#x430;&#x449;&#x438;&#x445;&#x441;&#x44F;</subfield>
    <subfield code="f">&#x410;.&#x412;. &#x41C;&#x438;&#x445;&#x435;&#x435;&#x432;, &#x41A;.&#x412;. &#x41F;&#x430;&#x448;&#x43A;&#x430;&#x43D;&#x433;, &#x41D;.&#x41D;. &#x420;&#x43E;&#x434;&#x437;&#x435;&#x432;&#x438;&#x447;, &#x41C;.&#x41F;. &#x421;&#x43E;&#x43B;&#x43E;&#x432;&#x44C;&#x435;&#x432;&#x430;</subfield>
    <subfield code="g">&#x41F;&#x43E;&#x434; &#x440;&#x435;&#x434;. &#x41A;.&#x412;. &#x41F;&#x430;&#x448;&#x43A;&#x430;&#x43D;&#x433;&#x430;</subfield>
  </datafield>
  <datafield tag="205" ind1=" " ind2=" ">
    <subfield code="a">2-&#x435; &#x438;&#x437;&#x434;., &#x43F;&#x435;&#x440;&#x435;&#x440;&#x430;&#x431;.</subfield>
  </datafield>
  <datafield tag="210" ind1=" " ind2=" ">
    <subfield code="a">&#x41C;.</subfield>
    <subfield code="c">&#x41F;&#x440;&#x43E;&#x441;&#x432;&#x435;&#x449;&#x435;&#x43D;&#x438;&#x435;</subfield>
    <subfield code="d">1990</subfield>
  </datafield>
  <datafield tag="215" ind1=" " ind2=" ">
    <subfield code="a">126, [2] &#x441;., [8] &#x43B;. &#x438;&#x43B;.</subfield>
    <subfield code="c">&#x438;&#x43B;., &#x43A;&#x430;&#x440;&#x442;.</subfield>
    <subfield code="d">22</subfield>
  </datafield>
  <datafield tag="701" ind1=" " ind2="1">
    <subfield code="a">&#x41C;&#x438;&#x445;&#x435;&#x435;&#x432;</subfield>
    <subfield code="b">&#x410;. &#x412;.</subfield>
    <subfield code="f">1907-1999</subfield>
    <subfield code="g">&#x410;&#x43B;&#x435;&#x43A;&#x441;&#x435;&#x439; &#x412;&#x430;&#x441;&#x438;&#x43B;&#x44C;&#x435;&#x432;&#x438;&#x447;</subfield>
  </datafield>
  <datafield tag="702" ind1=" " ind2="1">
    <subfield code="a">&#x41F;&#x430;&#x448;&#x43A;&#x430;&#x43D;&#x433;</subfield>
    <subfield code="b">&#x41A;.&#x412;.</subfield>
    <subfield code="g">&#x41A;&#x43E;&#x43D;&#x441;&#x442;&#x430;&#x43D;&#x442;&#x438;&#x43D; &#x412;&#x430;&#x441;&#x438;&#x43B;&#x44C;&#x435;&#x432;&#x438;&#x447;</subfield>
    <subfield code="4">340</subfield>
  </datafield>
  <datafield tag="801" ind1=" " ind2="0">
    <subfield code="a">RU</subfield>
    <subfield code="b">NLR</subfield>
    <subfield code="g">psbo</subfield>
  </datafield>
  <datafield tag="801" ind1=" " ind2="1">
    <subfield code="a">RU</subfield>
    <subfield code="b">ELAR</subfield>
    <subfield code="2">rusmarc</subfield>
  </datafield>
  <datafield tag="852" ind1=" " ind2=" ">
    <subfield code="a">NLR</subfield>
    <subfield code="j">90-5/4575</subfield>
  </datafield>
  <datafield tag="942" ind1=" " ind2=" ">
    <subfield code="c">BOOK</subfield>
  </datafield>
  <datafield tag="980" ind1=" " ind2=" ">
    <subfield code="a">NB</subfield>
  </datafield>
  <datafield tag="995" ind1=" " ind2=" ">
    <subfield code="5">2013-10-26</subfield>
    <subfield code="b">NLR01</subfield>
    <subfield code="c">NLR01</subfield>
    <subfield code="e">RF9</subfield>
    <subfield code="f">5508549-10</subfield>
    <subfield code="k">90-5/4575</subfield>
    <subfield code="o">0</subfield>
    <subfield code="r">BOOK</subfield>
    <subfield code="s">9054575_</subfield>
  </datafield>
</record>
